|
|
|
|
| LEADER |
00000ngm a2200000 4500 |
| 003 |
cru INIE |
| 005 |
20160916112326.0 |
| 008 |
160916b2016 MX ||||| |||| 00| 0 spa d |
| 040 |
|
|
|a cru INIE
|
| 090 |
|
|
|a CD #274
|
| 110 |
|
|
|9 1985
|a Universidad Nacional Autónoma de México. Centro de Investigaciones Interdisciplinarias en Ciencias y Humanidades. Departamento de Producción Audiovisual y Multimedia
|
| 245 |
1 |
0 |
|a Gloria Fariñas León
|
| 260 |
|
|
|a México :
|b CEIICH-UNAM,
|c 2015
|
| 300 |
|
|
|a 1 Videodisco (cerca de 32 min.);
|b sonoro
|
| 490 |
|
|
|a Trayectorias de Académicas Cubanas
|
| 600 |
|
0 |
|9 2000
|a FARIÑAS LEÓN, GLORIA
|
| 942 |
|
|
|i 004233
|h CD #274
|2 z
|c 08
|
| 999 |
|
|
|c 3319
|d 3319
|